|
|
|
|
| LEADER |
01909nam a2200349 a 4500 |
| 001 |
6092 |
| 003 |
BD-DhAAL |
| 008 |
100204s1997 enkc b 000 0 eng d |
| 010 |
|
|
|a 97128125
|
| 020 |
|
|
|a 1853393827
|
| 040 |
|
|
|a GZN
|c GZN
|d DLC
|d BD-DhAAL
|
| 082 |
0 |
0 |
|a 362.830954
|2 21
|
| 245 |
0 |
0 |
|a Speaking out :
|b women's economic empowerment in South Asia /
|c edited by Marilyn Carr, Martha Chen and Renana Jhabvala.
|
| 264 |
|
|
|a London :
|b IT Publications on behalf of Aga Khan Foundation Canada and United Nations Development Fund for Women (UNIFEM), ;
|a Dhaka :
|b University press,
|c 1997.
|
| 300 |
|
|
|a xiv, 238 pages :
|b ports. ;
|c 23 cm.
|
| 504 |
|
|
|a Includes bibliographical references (pages 219, 225-238).
|
| 541 |
1 |
|
|e 6092
|
| 650 |
|
0 |
|a Women in development
|z South Asia
|x Case studies.
|9 56667
|
| 650 |
|
0 |
|a Women-owned business enterprises
|z South Asia
|x Case studies.
|9 56668
|
| 650 |
|
0 |
|a Women
|z South Asia
|x Economic conditions.
|9 56669
|
| 700 |
1 |
|
|a Carr, Marilyn.
|9 56670
|
| 700 |
1 |
|
|a Chen, Martha Alter.
|
| 700 |
1 |
|
|a Jhabvala, Renana.
|9 56671
|
| 710 |
2 |
|
|a Aga Khan Foundation Canada.
|9 20974
|
| 710 |
2 |
|
|a United Nations Development Fund for Women.
|9 6833
|
| 852 |
4 |
|
|a Ayesha Abed Library
|c General Stacks
|
| 942 |
|
|
|2 ddc
|c BK
|
| 999 |
|
|
|c 7335
|d 7335
|
| 952 |
|
|
|0 0
|1 0
|2 ddc
|4 0
|6 362_830954000000000_SPE_1997
|7 1
|9 7810
|a BRACUL
|b BRACUL
|c BRS
|d 2010-02-04
|l 0
|o 362.830954 SPE
|p 3010006092
|r 2010-02-04
|t 1
|w 2010-02-04
|y BK
|
| 952 |
|
|
|0 0
|1 0
|2 ddc
|4 0
|6 362_830954000000000_SPE_1997
|7 0
|9 7811
|a BRACUL
|b BRACUL
|c GEN
|d 2010-02-04
|l 0
|o 362.830954 SPE
|p 3010006093
|r 2010-02-04
|t 2
|w 2010-02-04
|y BK
|
| 952 |
|
|
|0 0
|1 0
|2 ddc
|4 0
|6 362_830000000000000_0954_SPE
|7 0
|9 43171
|a SCL
|b SCL
|c GEN
|d 1999-01-04
|g 350.00
|l 0
|o 362.830954 SPE
|p 3020001277
|r 2014-07-15
|t 3
|w 2014-07-15
|y BK
|
| 952 |
|
|
|0 0
|1 0
|2 ddc
|4 0
|6 362_830000000000000_0954_SPE
|7 0
|9 43292
|a SCL
|b SCL
|c GEN
|d 1998-11-10
|g 350.00
|l 0
|o 362.830954 SPE
|p 3020000441
|r 2014-07-19
|t 4
|w 2014-07-19
|y BK
|